| 000 | 00527nam a2200181Ia 4500 | ||
|---|---|---|---|
| 001 | 14196 | ||
| 005 | 20260306164856.0 | ||
| 008 | 260306t2024||||xx |||||||||||||| ||spa|| | ||
| 041 | _aESP | ||
| 082 |
_a510 _bU61 |
||
| 110 | _aUniversidad Católica San Pablo. Departamento de Matemática y Estadística | ||
| 245 | 0 | _aGuía de práctica de matemática básica. Facultad de Ingeniería y Computación | |
| 260 | _c2024 | ||
| 300 |
_a323 páginas : _c30 cm. |
||
| 650 | _aGEN | ||
| 654 | _aCMA | ||
| 942 |
_cLIB _dJUS _fJUS _2ddc _n |
||
| 999 |
_c14196 _d14196 |
||